Państwa z jednym sąsiadem - Nagła Śmierć - Statystyki

Ogólne statystyki
  • Ten quiz został rozwiązany 106 razy
  • Średni wynik to 8 z 17
Answers on the Grid
Answers color-coded by a green-red scale on the quiz's grid according to % correct below.
Andora
Belize
Brunei
Dania
Dominikana
Eswatini
Gambia
Gwinea Bissau
Haiti
Holandia
Irlandia
Kanada
Katar
Korea Południowa
Kuwejt
Lesotho
Liban
Liechtenstein
Monako
Papua-Nowa Gwinea
Portugalia
Salwador
San Marino
Sierra Leone
Singapur
Timor Wschodni
Urugwaj
Watykan
Wielka Brytania
Zjednoczone Emiraty Arabskie
 
Statystyki odpowiedzi
Odpowiedź % Poprawnych
Dania
65%
Dominikana
59%
Watykan
59%
Haiti
54%
Korea Południowa
54%
Monako
54%
Irlandia
52%
San Marino
52%
Portugalia
50%
Kanada
48%
Lesotho
48%
Brunei
41%
Katar
41%
Wielka Brytania
41%
Papua-Nowa Gwinea
39%
Gambia
30%
Timor Wschodni
30%
Nie znaleziono quizów pasujących do podanych kryteriów
Rozkład punktacji
Procent ludzi z każdym wynikiem
Percentyl według liczby udzielonych odpowiedzi
Twoja historia wyników
Nie rozwiązałeś tego quizu